000 00894nmm a2200265 a 4500
001 ocm000701470
003 TR-IsHL
005 20201028125313.0
008 110704s1993 tu tur
007 cr cn
035 _a701470
_b(N$T)
050 0 4 _aHD31
_b.B89 1993
090 0 4 _aHD31
_b.B89 1993
245 1 0 _aBüyüyen işletmelerde karşılaşılan yönetim ve organizasyon sorunları
_h[electronic resource] /
_chaz. Tamer Koçel
250 _a1. bs.
260 _aİstanbul :
_bİstanbul Ticaret Odası,
_c1993
300 _a68 p.
650 4 _aEkonomi ve Finans
650 4 _aEconomics and Finance
650 0 _aEndüstriyel yönetim
650 0 _aIndustrial management
650 7 _aBUSINESS & ECONOMICS / Industrial Management
_2bisacsh
700 1 _aKoçel, Tamer
856 4 0 _uhttp://search.ebscohost.com/login.aspx?direct=true&scope=site&db=e011xww&AN=701470
999 _c3410
_d3410